[Event "Voronezh op-A 19th"]
[Site "Voronezh"]
[Date "2015.06.18"]
[Round "7"]
[White "Kontsevik, Georgy"]
[Black "Bykov, Oleg1111"]
[Result "0-1"]
[WhiteElo "2139"]
[BlackElo "2163"]
[PlyCount "82"]
[EventDate "2015.06.12"]
[EventType "swiss"]
[EventRounds "9"]
[EventCountry "RUS"]
[SourceTitle "CBM 167 Extra"]
[Source "ChessBase"]
[SourceDate "2015.09.14"]
[SourceVersion "1"]
[SourceVersionDate "2015.09.14"]
[SourceQuality "1"]

1. e4 e5 2. Nf3 Nc6 3. d4 exd4 4. Bc4 Nf6 5. e5 d5 6. Bb5 Ne4 7. Nxd4 Bd7 8. Bxc6 bxc6 9. 0-0 Bc5 10. f3 Ng5 11. f4 Ne4 12. Be3 0-0 13. Nd2 Nxd2 14. Qxd2 f6 15. Nb3 Bb6 16. Qc3 fxe5 17. fxe5 Qg5 18. Bc5 Bf5 19. Rf2 Be4 20. Raf1 Rxf2 21. Rxf2 h6 22. e6 Kh7 23. h4 Qg4 24. Nd4 Re8 25. b4 Qxh4 26. a4 Qg5 27. Qd2 Qg4 28. c3 a5 29. Qf4 Qd1+ 30. Rf1 Qd3 31. Qf7 Bg6 32. Qf3 axb4 33. Qxd3 Bxd3 34. cxb4 Bxf1 35. Kxf1 Bxc5 36. bxc5 Kg6 37. a5 Kf6 38. a6 Ra8 39. a7 Rxa7 40. e7 Ra1+ 41. Ke2 Kxe7 0-1

[Event "Voronezh op-A 19th"]
[Site "Voronezh"]
[Date "2015.06.12"]
[Round "1"]
[White "Kontsevik, Georgy"]
[Black "Vastrukhin, Oleg"]
[Result "1/2-1/2"]
[WhiteElo "2139"]
[BlackElo "2404"]
[PlyCount "81"]
[EventDate "2015.06.12"]
[EventType "swiss"]
[EventRounds "9"]
[EventCountry "RUS"]
[SourceTitle "CBM 167 Extra"]
[Source "ChessBase"]
[SourceDate "2015.09.14"]
[SourceVersion "1"]
[SourceVersionDate "2015.09.14"]
[SourceQuality "1"]

1. e4 c6 2. d4 d5 3. Nc3 g6 4. h3 Bg7 5. Nf3 dxe4 6. Nxe4 Nf6 7. Nxf6+ exf6 8. Be2 0-0 9. 0-0 Nd7 10. Bf4 Nb6 11. c3 Be6 12. Nd2 a5 13. Ne4 Nd5 14. Bh2 b6 15. c4 Ne7 16. Nd6 Ra7 17. Bf3 Rd7 18. d5 cxd5 19. cxd5 Bxh3 20. Nc4 b5 21. Ne3 Be6 22. dxe6 Rxd1 23. exf7+ Rxf7 24. Rfxd1 Qe8 25. Bc7 Rf8 26. Bd6 h5 27. Nd5 Nxd5 28. Bxd5+ Kh7 29. Bxf8 Bxf8 30. Re1 Qb8 31. Rac1 Bb4 32. Re6 Qf4 33. Rcc6 Qd4 34. Bb3 Kg7 35. Rxf6 Qxf6 36. Rxf6 Kxf6 37. g3 g5 38. Bd1 h4 39. gxh4 gxh4 40. Be2 Bd6 41. Bxb5 1/2-1/2

[Event "Krasnodar Winter op"]
[Site "Krasnodar"]
[Date "2014.12.21"]
[Round "6"]
[White "Sverkunov, Oleg"]
[Black "Kontsevik, Georgy"]
[Result "0-1"]
[WhiteElo "1864"]
[BlackElo "2043"]
[PlyCount "66"]
[EventDate "2014.12.17"]
[EventType "swiss"]
[EventRounds "9"]
[EventCountry "RUS"]
[SourceTitle "CBM 164 Extra"]
[Source "ChessBase"]
[SourceDate "2015.03.02"]
[SourceVersion "1"]
[SourceVersionDate "2015.03.02"]
[SourceQuality "1"]

1. Nf3 e6 2. d4 f5 3. c4 Nf6 4. g3 Be7 5. Bg2 0-0 6. 0-0 Qe8 7. Nc3 Qg6 8. Ne5 Qe8 9. e4 d6 10. Nd3 Nc6 11. d5 exd5 12. cxd5 Ne5 13. Nf4 fxe4 14. Nxe4 Ng6 15. Ne6 Bxe6 16. dxe6 Nxe4 17. Bxe4 c6 18. f4 d5 19. Bc2 Bc5+ 20. Kg2 d4 21. Qh5 Nxf4+ 22. Rxf4 Qxh5 23. Bd3 Rxf4 24. Bxf4 Qd5+ 25. Kg1 Qxe6 26. Rc1 Qe7 27. h4 Bd6 28. Bg5 Qc7 29. Rf1 h6 30. Bc4+ Kh8 31. Rf7 hxg5 32. Rf5 Be7 33. Kg2 Rf8 0-1

[Event "Krasnodar Region-ch U16"]
[Site "Bzhid"]
[Date "2013.03.07"]
[Round "6"]
[White "Kontsevik, Georgy"]
[Black "Trunov, Evgeny"]
[Result "1-0"]
[WhiteElo "1979"]
[BlackElo "1698"]
[PlyCount "109"]
[EventDate "2013.03.02"]
[EventType "swiss"]
[EventRounds "9"]
[EventCountry "RUS"]
[SourceTitle "EXT 2015"]
[Source "ChessBase"]
[SourceDate "2014.11.20"]
[SourceVersion "1"]
[SourceVersionDate "2014.11.20"]
[SourceQuality "1"]

1. e4 e5 2. Nf3 d6 3. d4 exd4 4. Nxd4 Nf6 5. Nc3 Be7 6. Be2 c6 7. 0-0 0-0 8. f4 Qc7 9. Qd3 Nbd7 10. Qg3 Nc5 11. Bf3 Qb6 12. Qf2 Ng4 13. Bxg4 Bxg4 14. f5 Bf6 15. Be3 Qxb2 16. Qd2 Bxd4 17. Bxd4 f6 18. a4 Qb6 19. Qf4 Bh5 20. a5 Qd8 21. h4 Qe7 22. g4 Be8 23. Rab1 Rf7 24. g5 fxg5 25. hxg5 Ne6 26. Qe3 Nxd4 27. Qxd4 Qxg5+ 28. Kf2 Qf4+ 29. Ke2 Qe5 30. Qxe5 dxe5 31. Rfd1 Re7 32. Ke3 Rb8 33. Rd6 Rc8 34. Na4 Rcc7 35. Nc5 Kf7 36. c3 h5 37. Rg6 Kg8 38. Rd6 Kf7 39. Kf3 Kg8 40. Kg3 Kh7 41. Kh4 Bf7 42. Rd8 Bc4 43. Kxh5 Rf7 44. Kg5 Rf6 45. Nxb7 Rh6 46. Rd2 Rh3 47. Nd6 Bb5 48. c4 Ba6 49. Rb8 Rd7 50. c5 Bb5 51. Re8 Rg3+ 52. Kh4 Ra3 53. Kg4 g6 54. f6 g5 55. f7 1-0

[Event "Krasnodar Region Cup"]
[Site "Krasnodar"]
[Date "2013.01.30"]
[Round "8"]
[White "Kontsevik, Georgy"]
[Black "Barannikov, Vladimir"]
[Result "1-0"]
[WhiteElo "1937"]
[BlackElo "2092"]
[PlyCount "119"]
[EventDate "2013.01.23"]
[EventType "swiss"]
[EventRounds "8"]
[EventCountry "RUS"]
[SourceTitle "EXT 2023"]
[Source "ChessBase"]
[SourceDate "2022.10.05"]
[SourceVersion "1"]
[SourceVersionDate "2022.10.05"]
[SourceQuality "1"]

1. e4 c5 2. Nf3 d6 3. d4 cxd4 4. Nxd4 Nf6 5. Nc3 a6 6. Be2 e5 7. Nb3 Be7 8. 0-0 0-0 9. Be3 Be6 10. f4 exf4 11. Bxf4 Qc7 12. Qd3 Nbd7 13. Kh1 Rfe8 14. Rad1 Ne5 15. Qg3 b5 16. Nd4 b4 17. Nd5 Bxd5 18. exd5 Kh8 19. Nf5 Bf8 20. Bd3 Nfd7 21. h4 Rad8 22. Rde1 Qc5 23. Bxa6 Qxc2 24. Bxe5 Rxe5 25. Ne3 Qd2 26. Bb5 Nf6 27. Nc4 Qxd5 28. Nxe5 dxe5 29. Qxe5 Qd2 30. Re2 Qd4 31. Qxd4 Rxd4 32. g3 Bd6 33. Kg2 h5 34. Rf5 Kh7 35. Bc6 Rc4 36. Bf3 Kg6 37. Rg5+ Kh6 38. Rd2 Bc5 39. Bxh5 Be3 40. Bxf7 Rc7 41. Rg6+ Kh7 42. Rxf6 Bxd2 43. Rd6 Rxf7 44. Rxd2 Ra7 45. Rd4 Rb7 46. Rd3 Rc7 47. Rb3 Rc4 48. Kf3 Kg6 49. g4 Kf6 50. a3 bxa3 51. bxa3 Rc1 52. a4 Ra1 53. Rb4 Rf1+ 54. Ke4 Rg1 55. Kd5 Rh1 56. h5 Kg5 57. Kc6 g6 58. a5 gxh5 59. gxh5 Kxh5 60. a6 1-0

[Event "Krasnodar Region Cup"]
[Site "Krasnodar"]
[Date "2013.01.25"]
[Round "3"]
[White "Likhopek, Vladimir"]
[Black "Kontsevik, Georgy"]
[Result "0-1"]
[WhiteElo "1712"]
[BlackElo "1937"]
[PlyCount "58"]
[EventDate "2013.01.23"]
[EventType "swiss"]
[EventRounds "8"]
[EventCountry "RUS"]
[SourceTitle "EXT 2023"]
[Source "ChessBase"]
[SourceDate "2022.10.05"]
[SourceVersion "1"]
[SourceVersionDate "2022.10.05"]
[SourceQuality "1"]

1. d4 e6 2. c4 f5 3. Nc3 Nf6 4. Bf4 d6 5. f3 Nbd7 6. e4 e5 7. Bg3 f4 8. Bh4 Be7 9. Bf2 c6 10. Qb3 a6 11. Nge2 0-0 12. c5+ Kh8 13. cxd6 Bxd6 14. Rd1 Qe7 15. Nc1 exd4 16. Bxd4 b5 17. Be2 c5 18. Bf2 c4 19. Qc2 Bc5 20. 0-0 Bxf2+ 21. Rxf2 Bb7 22. Kh1 Ne5 23. Bf1 Nh5 24. Nd5 Qh4 25. Kg1 Rae8 26. a4 Re6 27. axb5 axb5 28. Qc3 Ng3 29. Qa3 Qxh2+ 0-1

[Event "Krasnodar Region-ch"]
[Site "Krasnodar"]
[Date "2012.10.05"]
[Round "4"]
[White "Kontsevik, Georgy"]
[Black "Bukarin, Mikhail Yurievich"]
[Result "1-0"]
[WhiteElo "1916"]
[BlackElo "1991"]
[PlyCount "83"]
[EventDate "2012.10.02"]
[EventType "swiss"]
[EventRounds "9"]
[EventCountry "RUS"]
[SourceTitle "EXT 2013"]
[Source "ChessBase"]
[SourceDate "2012.11.22"]
[SourceVersion "1"]
[SourceVersionDate "2012.11.22"]
[SourceQuality "1"]

1. e4 d6 2. d4 Nf6 3. Bd3 g6 4. Nf3 Bg7 5. Nc3 c6 6. Bf4 0-0 7. Qd2 b5 8. Bh6 Qa5 9. Bxg7 Kxg7 10. 0-0 a6 11. Qg5 Qc7 12. e5 dxe5 13. dxe5 Nd5 14. Nxd5 cxd5 15. a4 b4 16. h4 h5 17. Nd4 e6 18. g4 Qd8 19. gxh5 Qxg5+ 20. hxg5 gxh5 21. Kg2 Nd7 22. f4 Bb7 23. Rh1 Rh8 24. Rh4 Nf8 25. f5 Nd7 26. f6+ Kg8 27. Re1 Nc5 28. Kf2 Nxd3+ 29. cxd3 Rc8 30. Rg1 Kh7 31. g6+ fxg6 32. Nxe6 Rhe8 33. Ng5+ Kh6 34. Nf7+ Kh7 35. Rxh5+ Kg8 36. Rxg6+ Kxf7 37. Rg7+ Ke6 38. Rxb7 Rc2+ 39. Ke3 Rxb2 40. Rb6+ Kf7 41. Rh7+ Kf8 42. Rh8+ 1-0

[Event "Krasnodar Region-ch"]
[Site "Krasnodar"]
[Date "2012.10.04"]
[Round "3"]
[White "Zakaryan, David"]
[Black "Kontsevik, Georgy"]
[Result "1-0"]
[WhiteElo "2126"]
[BlackElo "1916"]
[PlyCount "81"]
[EventDate "2012.10.02"]
[EventType "swiss"]
[EventRounds "9"]
[EventCountry "RUS"]
[SourceTitle "EXT 2013"]
[Source "ChessBase"]
[SourceDate "2012.11.22"]
[SourceVersion "1"]
[SourceVersionDate "2012.11.22"]
[SourceQuality "1"]

1. e4 e6 2. d4 d5 3. Nd2 c5 4. exd5 exd5 5. Ngf3 Nc6 6. Bb5 Bd6 7. 0-0 Nge7 8. dxc5 Bxc5 9. Nb3 Bb6 10. Re1 0-0 11. Be3 Bxe3 12. Rxe3 Bg4 13. h3 Bh5 14. Be2 Qd6 15. Rd3 Bg6 16. Rd2 Qc7 17. Nbd4 Qb6 18. c3 a5 19. Qb3 Qxb3 20. axb3 Rfd8 21. Bb5 Rd6 22. b4 Nxd4 23. Nxd4 b6 24. Nb3 Rb8 25. bxa5 bxa5 26. Rxa5 f6 27. Nd4 Rdb6 28. Bd7 Bf7 29. Re2 Ng6 30. Nc6 Rf8 31. Ra7 Nf4 32. Rd2 h5 33. Ne7+ Kh7 34. g3 Ng6 35. Bf5 Kh6 36. Bxg6 Bxg6 37. Nxd5 Rd6 38. c4 Re8 39. Ra1 Bf7 40. Rad1 Red8 41. b4 1-0

[Event "Anapa op"]
[Site "Anapa"]
[Date "2012.09.05"]
[Round "6"]
[White "Kontsevik, Georgy"]
[Black "Golovachev, Andrei"]
[Result "1-0"]
[WhiteElo "1911"]
[BlackElo "2072"]
[PlyCount "97"]
[EventDate "2012.08.30"]
[EventType "swiss"]
[EventRounds "9"]
[EventCountry "RUS"]
[SourceTitle "CBM 150 Extra"]
[Source "ChessBase"]
[SourceDate "2012.10.19"]
[SourceVersion "1"]
[SourceVersionDate "2012.10.19"]
[SourceQuality "1"]

1. e4 c6 2. d4 d5 3. Nc3 a6 4. Bd3 dxe4 5. Bxe4 Nf6 6. Bf3 Bf5 7. Nge2 e6 8. 0-0 Bd6 9. Ng3 Bg6 10. Re1 0-0 11. Bg5 Nbd7 12. Nce4 Be7 13. Nxf6+ Nxf6 14. c3 h6 15. Bxf6 Bxf6 16. Qb3 Qc7 17. Rad1 Rad8 18. Be4 Bxe4 19. Nxe4 Be7 20. c4 Rd7 21. d5 exd5 22. cxd5 cxd5 23. Rxd5 Rxd5 24. Qxd5 Rd8 25. Qb3 Qa5 26. Rc1 b5 27. g3 b4 28. Rc2 Qe5 29. Qc4 Rd4 30. Qc8+ Kh7 31. f3 f5 32. Nf2 f4 33. g4 Rd5 34. Qxa6 Bc5 35. Kg2 h5 36. Qe2 Be3 37. h3 hxg4 38. hxg4 Rd6 39. Ne4 Rg6 40. Rc4 Qe7 41. Qe1 b3 42. axb3 Qb7 43. Qd1 Qe7 44. Qe1 Qe5 45. Qe2 Qh5 46. Qd3 Qh4 47. Rc7 Bb6 48. Rc6 Qe1 49. Ng5+ 1-0

[Event "Izhevsk Corporation Cup-A 4th"]
[Site "Izhevsk"]
[Date "2012.07.18"]
[Round "4"]
[White "Kontsevik, Georgy"]
[Black "Veltmander, Iogannes G"]
[Result "1/2-1/2"]
[WhiteElo "1915"]
[BlackElo "2070"]
[PlyCount "86"]
[EventDate "2012.07.15"]
[EventType "swiss"]
[EventRounds "9"]
[EventCountry "RUS"]
[SourceTitle "EXT 2013"]
[Source "ChessBase"]
[SourceDate "2012.11.22"]
[SourceVersion "1"]
[SourceVersionDate "2012.11.22"]
[SourceQuality "1"]

1. e4 c6 2. d4 d5 3. Nc3 dxe4 4. Nxe4 Nf6 5. Nxf6+ exf6 6. c3 Bd6 7. Bd3 0-0 8. h3 Re8+ 9. Ne2 Nd7 10. 0-0 Nf8 11. Bf4 Be6 12. Qd2 Ng6 13. Bxd6 Qxd6 14. Rfd1 Re7 15. b3 Rae8 16. c4 Bf5 17. Ng3 Bd7 18. Bf1 Nh4 19. Qa5 b6 20. Qc3 f5 21. d5 c5 22. Re1 f4 23. Rxe7 Qxe7 24. Ne2 Qg5 25. Re1 h6 26. Kh1 Qe5 27. Qxe5 Rxe5 28. Rd1 g5 29. Nc1 Nf5 30. Nd3 Re8 31. Re1 Rxe1 32. Nxe1 Kf8 33. Nf3 Ke7 34. Bd3 Kd6 35. Kg1 f6 36. Kf1 h5 37. Ke1 g4 38. hxg4 hxg4 39. Nd2 Ke5 40. Nb1 Nh4 41. Bf1 Nf5 42. Bd3 Nh4 43. Bf1 Nf5 1/2-1/2

[Event "Izhevsk Corporation Cup-A 3rd"]
[Site "Izhevsk"]
[Date "2011.07.18"]
[Round "4"]
[White "Kontsevik, Georgy"]
[Black "Pushin, Vladimir"]
[Result "0-1"]
[WhiteElo "1908"]
[BlackElo "2430"]
[PlyCount "72"]
[EventDate "2011.07.15"]
[EventType "swiss"]
[EventRounds "9"]
[EventCountry "RUS"]
[SourceTitle "CBM 143 Extra"]
[Source "ChessBase"]
[SourceDate "2011.08.29"]
[SourceVersion "1"]
[SourceVersionDate "2011.08.29"]
[SourceQuality "1"]

1. e4 c6 2. d4 d5 3. Nc3 dxe4 4. Nxe4 Bf5 5. Ng3 Bg6 6. h4 h6 7. Nf3 Nd7 8. Bd3 Bxd3 9. Qxd3 e6 10. Bf4 Qa5+ 11. Bd2 Qc7 12. 0-0-0 Ngf6 13. Ne4 0-0-0 14. g3 Nxe4 15. Qxe4 Bd6 16. Kb1 Rhe8 17. c4 c5 18. Bc3 Nf6 19. Qe2 cxd4 20. Nxd4 a6 21. Rc1 Qc5 22. Rhd1 Bc7 23. Ka1 Qh5 24. Qc2 Qg4 25. b4 e5 26. f3 Qxg3 27. Nf5 Qxf3 28. Nxg7 Rxd1 29. Rxd1 Rd8 30. Re1 e4 31. Qc1 Rd3 32. Bb2 Bf4 33. Qb1 Bg3 34. Rf1 Bf2 35. Qc2 Ng4 36. Qc1 e3 0-1

[Event "Izhevsk Corporation Cup-A 3rd"]
[Site "Izhevsk"]
[Date "2011.07.17"]
[Round "3"]
[White "Ziatdinov, Raset"]
[Black "Kontsevik, Georgy"]
[Result "0-1"]
[WhiteElo "2413"]
[BlackElo "1908"]
[PlyCount "80"]
[EventDate "2011.07.15"]
[EventType "swiss"]
[EventRounds "9"]
[EventCountry "RUS"]
[SourceTitle "CBM 143 Extra"]
[Source "ChessBase"]
[SourceDate "2011.08.29"]
[SourceVersion "1"]
[SourceVersionDate "2011.08.29"]
[SourceQuality "1"]

1. e4 e6 2. d4 d5 3. Nc3 Bb4 4. e5 c5 5. a3 Bxc3+ 6. bxc3 Nc6 7. Nf3 Qa5 8. Be2 cxd4 9. 0-0 dxc3 10. Nd4 a6 11. Nxc6 bxc6 12. Bd3 Ne7 13. Qh5 c5 14. Bg5 h6 15. Rfe1 Qc7 16. Re3 Bb7 17. Bxe7 Qxe7 18. Rf3 Rf8 19. Rg3 g6 20. Qxh6 0-0-0 21. Qf4 Qc7 22. Be2 d4 23. Bf3 Bd5 24. Rb1 Qa5 25. h4 Qxa3 26. Be2 Kc7 27. h5 gxh5 28. Rg7 Rd7 29. Bxh5 Qa2 30. Rc1 a5 31. Rf1 Qxc2 32. Rg3 a4 33. Bd1 Qa2 34. Bxa4 Qxa4 35. Rxc3 Bc4 36. Rxc4 Qxc4 37. Ra1 Rb8 38. Qf3 Qd5 39. Qa3 Kc8 40. Rc1 Rc7 0-1

[Event "Izhevsk Corporation Cup-A 3rd"]
[Site "Izhevsk"]
[Date "2011.07.16"]
[Round "2"]
[White "Kontsevik, Georgy"]
[Black "Tologontegin, Semetey"]
[Result "0-1"]
[WhiteElo "1908"]
[BlackElo "2331"]
[PlyCount "56"]
[EventDate "2011.07.15"]
[EventType "swiss"]
[EventRounds "9"]
[EventCountry "RUS"]
[SourceTitle "CBM 143 Extra"]
[Source "ChessBase"]
[SourceDate "2011.08.29"]
[SourceVersion "1"]
[SourceVersionDate "2011.08.29"]
[SourceQuality "1"]

1. e4 a6 2. d4 b5 3. Nf3 Bb7 4. Bd3 e6 5. 0-0 Nf6 6. Qe2 c5 7. c3 d5 8. e5 Nfd7 9. Ng5 g6 10. Qg4 Bg7 11. f4 cxd4 12. cxd4 Qb6 13. Be3 Nc6 14. Nd2 Nb4 15. Bb1 Rc8 16. a3 Nc2 17. Bxc2 Rxc2 18. Qd1 Rc7 19. g4 0-0 20. Qe2 f6 21. Nh3 a5 22. b4 Rc3 23. Nf2 axb4 24. axb4 fxe5 25. Nb1 exd4 26. Nxc3 dxe3 27. Nfd1 d4 28. Nxb5 Qc6 0-1

[Event "Krasnodar Winter B"]
[Site "Krasnodar"]
[Date "2011.02.07"]
[Round "9"]
[White "Voronov, Egor"]
[Black "Kontsevik, Georgy"]
[Result "0-1"]
[WhiteElo "2005"]
[BlackElo "1906"]
[PlyCount "44"]
[EventDate "2011.02.02"]
[EventType "tourn"]
[EventRounds "13"]
[EventCountry "RUS"]
[SourceTitle "EXT 2022"]
[Source "ChessBase"]
[SourceDate "2021.10.06"]
[SourceVersion "1"]
[SourceVersionDate "2021.10.06"]
[SourceQuality "1"]

1. e4 e6 2. d4 d5 3. Nc3 Bb4 4. e5 c5 5. a3 Bxc3+ 6. bxc3 Nc6 7. Qg4 g6 8. h4 f5 9. Qf4 h6 10. Nf3 Qa5 11. Bd2 c4 12. Rh3 Qc7 13. g4 Qf7 14. Rg3 Nge7 15. Bh3 g5 16. hxg5 Ng6 17. gxh6 Nxf4 18. Bxf4 fxg4 19. Rxg4 Qh5 20. Rh4 Qxf3 21. Bg4 Qxc3+ 22. Kf1 Qxa1+ 0-1

[Event "Krasnodar Winter B"]
[Site "Krasnodar"]
[Date "2011.02.04"]
[Round "4"]
[White "Kontsevik, Georgy"]
[Black "Sverkunov, Oleg"]
[Result "0-1"]
[WhiteElo "1906"]
[BlackElo "1895"]
[PlyCount "46"]
[EventDate "2011.02.02"]
[EventType "tourn"]
[EventRounds "13"]
[EventCountry "RUS"]
[SourceTitle "EXT 2022"]
[Source "ChessBase"]
[SourceDate "2021.10.06"]
[SourceVersion "1"]
[SourceVersionDate "2021.10.06"]
[SourceQuality "1"]

1. e4 g6 2. d4 Bg7 3. f4 c5 4. Nf3 cxd4 5. Nxd4 Nc6 6. Nxc6 bxc6 7. Nc3 Qb6 8. Bd3 d6 9. Qe2 Nf6 10. e5 dxe5 11. fxe5 Ng4 12. Bf4 Qxb2 13. Kd2 Qb4 14. Qe4 Qc5 15. Rhf1 Nxe5 16. Be3 Nf3+ 17. Qxf3 Qxc3+ 18. Ke2 0-0 19. Rab1 Be6 20. Rb7 Bd5 21. Qf2 Bc4 22. Rxe7 Qxc2+ 23. Kf3 Qxd3 0-1